[Event "FIN-chT 1920"]
[Site "Finland"]
[Date "2020.02.08"]
[Round "7.6"]
[White "Van de Plassche, Erik"]
[Black "Lindholm, Jere"]
[Result "1/2-1/2"]
[WhiteElo "2093"]
[BlackElo "2155"]
[PlyCount "75"]
[EventDate "2019.09.14"]
[EventType "team-tourn"]
[EventRounds "11"]
[EventCountry "FIN"]
[SourceTitle "CBM 195 Extra"]
[Source "ChessBase"]
[SourceDate "2020.05.31"]
[SourceVersion "1"]
[SourceVersionDate "2020.05.31"]
[SourceQuality "1"]
[WhiteTeam "Helsinki HSK"]
[BlackTeam "Vantaa EtVaS"]
[WhiteTeamCountry "FIN"]
[BlackTeamCountry "FIN"]

1. d4 Nf6 2. c4 g6 3. Nc3 d5 4. cxd5 Nxd5 5. e4 Nxc3 6. bxc3 Bg7 7. Be3 0-0 8. Bc4 c5 9. Ne2 Nc6 10. 0-0 b6 11. Qd2 Bb7 12. e5 Rc8 13. Rac1 a6 14. f4 b5 15. Bb3 e6 16. d5 Na5 17. dxe6 Nxb3 18. exf7+ Kxf7 19. Qxd8 Rfxd8 20. axb3 Rd3 21. Kf2 Bxg2 22. Rfd1 Be4 23. Ng3 Rxd1 24. Rxd1 Bc2 25. Rd7+ Kg8 26. e6 Bxc3 27. e7 Bf6 28. Bxc5 Bxb3 29. Ne4 Bh4+ 30. Ke3 Re8 31. Ng5 h6 32. Nf3 Bf6 33. Ne5 Kg7 34. Ke4 Be6 35. Ra7 a5 36. Rxa5 Bxe7 37. Bxe7 Rxe7 38. Rxb5 1/2-1/2

[Event "FIN-chT 1920"]
[Site "Finland"]
[Date "2019.10.20"]
[Round "4.4"]
[White "Westerinen, Heikki MJ"]
[Black "Van de Plassche, Erik"]
[Result "1-0"]
[WhiteElo "2296"]
[BlackElo "2093"]
[PlyCount "103"]
[EventDate "2019.09.14"]
[EventType "team-tourn"]
[EventRounds "11"]
[EventCountry "FIN"]
[SourceTitle "CBM 192 Extra"]
[Source "Chessbase"]
[SourceDate "2019.11.06"]
[SourceVersion "1"]
[SourceVersionDate "2019.11.06"]
[SourceQuality "1"]
[WhiteTeam "Salo SalSK"]
[BlackTeam "Helsinki HSK"]
[WhiteTeamCountry "FIN"]
[BlackTeamCountry "FIN"]

1. e4 d6 2. d4 Nf6 3. Nc3 g6 4. f4 Bg7 5. a3 0-0 6. Nf3 Na6 7. e5 Nd7 8. Bc4 Nb6 9. Ba2 c5 10. dxc5 Nxc5 11. Be3 Bg4 12. 0-0 Rc8 13. h3 Be6 14. Qe2 Bxa2 15. Nxa2 dxe5 16. Nxe5 Qc7 17. Qf3 Ncd7 18. Nxd7 Nxd7 19. c3 Nb6 20. Nb4 e6 21. Bxb6 Qxb6+ 22. Qf2 Qxf2+ 23. Kxf2 a5 24. Nc2 a4 25. Rad1 Rfd8 26. Ke2 Kf8 27. Ne3 Ke7 28. Rxd8 Rxd8 29. Nc4 b5 30. Ne3 h5 31. Nc2 f5 32. Nb4 Rd6 33. Nd3 Rd5 34. h4 e5 35. fxe5 Bxe5 36. Nxe5 Rxe5+ 37. Kf3 Re4 38. Rd1 Ke6 39. g3 Re5 40. Rd8 Rd5 41. Rb8 Ke5 42. Ke3 Kd6 43. Kf4 Kc7 44. Rg8 Rd2 45. Rxg6 Rxb2 46. Rg5 Rb3 47. Rxh5 Rxa3 48. Rxf5 Kc6 49. h5 Rxc3 50. h6 Rc1 51. g4 a3 52. h7 1-0

[Event "FIN-chT 1920"]
[Site "Finland"]
[Date "2019.10.19"]
[Round "3.5"]
[White "Topi Hulmi, Teemu"]
[Black "Van de Plassche, Erik"]
[Result "1-0"]
[WhiteElo "2263"]
[BlackElo "2093"]
[PlyCount "117"]
[EventDate "2019.09.14"]
[EventType "team-tourn"]
[EventRounds "11"]
[EventCountry "FIN"]
[SourceTitle "CBM 192 Extra"]
[Source "Chessbase"]
[SourceDate "2019.11.06"]
[SourceVersion "1"]
[SourceVersionDate "2019.11.06"]
[SourceQuality "1"]
[WhiteTeam "Turku TuTS"]
[BlackTeam "Helsinki HSK"]
[WhiteTeamCountry "FIN"]
[BlackTeamCountry "FIN"]

1. e4 d6 2. d4 Nf6 3. Nc3 g6 4. Nf3 Bg7 5. Be2 0-0 6. 0-0 Bg4 7. h3 Bxf3 8. Bxf3 Nc6 9. Be3 e5 10. d5 Ne7 11. Qd2 Nd7 12. Be2 f5 13. f3 Nf6 14. b4 f4 15. Bf2 g5 16. Nb5 a6 17. Na3 h5 18. Qd3 Rf7 19. c4 Bf8 20. c5 Rg7 21. Nc4 Nc8 22. Rfc1 Qe8 23. Rc3 Qg6 24. Nd2 g4 25. fxg4 hxg4 26. Bxg4 Nxg4 27. hxg4 Rh7 28. Qf3 Qh6 29. Kf1 Be7 30. Rac1 Bh4 31. cxd6 Nxd6 32. Rxc7 Rxc7 33. Rxc7 Nb5 34. Rc5 Bg3 35. Ke2 Qh1 36. Nf1 Rf8 37. Rc1 Qh4 38. Nxg3 fxg3 39. Qxg3 Nd4+ 40. Kd3 Qg5 41. Be3 Qe7 42. a3 Qe8 43. Bxd4 Qb5+ 44. Kc3 exd4+ 45. Kxd4 Qe2 46. Rc3 Qd2+ 47. Qd3 Qxg2 48. d6 Qg1+ 49. Kd5 Qf2 50. e5 Qa2+ 51. Qc4 Qg2+ 52. Kc5+ Kg7 53. Kb6 Qg1+ 54. Kxb7 Rf7+ 55. Kc6 Qa7 56. Kd5 Qg1 57. e6 Qg2+ 58. Qe4 Qa2+ 59. Kc6 1-0

[Event "FIN-chT 1718"]
[Site "Finland"]
[Date "2018.03.11"]
[Round "11.2"]
[White "Van de Plassche, Erik"]
[Black "Maki Uuro, Miika"]
[Result "0-1"]
[WhiteElo "2199"]
[BlackElo "2347"]
[PlyCount "100"]
[EventDate "2017.09.16"]
[EventType "team-tourn"]
[EventRounds "11"]
[EventCountry "FIN"]
[SourceTitle "EXT 2019"]
[Source "ChessBase"]
[SourceDate "2018.10.10"]
[SourceVersion "1"]
[SourceVersionDate "2018.10.10"]
[SourceQuality "1"]
[WhiteTeam "Helsinki HSK"]
[BlackTeam "Espoo MatSK"]
[WhiteTeamCountry "FIN"]
[BlackTeamCountry "FIN"]

1. d4 d5 2. c4 e6 3. Nc3 Nf6 4. Bg5 Be7 5. e3 Nbd7 6. Nf3 h6 7. Bh4 0-0 8. Rc1 c5 9. Bd3 cxd4 10. exd4 dxc4 11. Bxc4 a6 12. a4 b5 13. axb5 Nb6 14. Be2 axb5 15. Bxb5 Bb7 16. 0-0 Bxf3 17. Qxf3 Qxd4 18. Bg3 Nbd5 19. Rfe1 Qb6 20. Rb1 Rac8 21. Be5 Bd6 22. Bxf6 Nxf6 23. Bd3 Rfd8 24. h3 Bc5 25. Rf1 Rd4 26. b3 Rcd8 27. Bc4 Bb4 28. Ne2 Rd2 29. Ra1 Nd7 30. Ra6 Qb8 31. Qe3 Qe5 32. Qf3 Bd6 33. g3 Bc5 34. Nf4 Qf6 35. Qe4 Ne5 36. Ra8 Rxa8 37. Qxa8+ Kh7 38. Qe4+ g6 39. b4 Rd4 40. Qe2 Bxb4 41. Ba6 Nd7 42. Bb7 Bd6 43. Ng2 Nc5 44. Bc6 h5 45. h4 e5 46. Ne3 Bf8 47. Bd5 Bh6 48. Qa2 Kg7 49. Rc1 Qd6 50. Qa7 Rxd5 0-1

[Event "FIN-chT 1718"]
[Site "Finland"]
[Date "2018.03.09"]
[Round "9.1"]
[White "Van de Plassche, Erik"]
[Black "Turov, Maxim"]
[Result "0-1"]
[WhiteElo "2199"]
[BlackElo "2610"]
[PlyCount "98"]
[EventDate "2017.09.16"]
[EventType "team-tourn"]
[EventRounds "11"]
[EventCountry "FIN"]
[SourceTitle "EXT 2019"]
[Source "ChessBase"]
[SourceDate "2018.10.10"]
[SourceVersion "1"]
[SourceVersionDate "2018.10.10"]
[SourceQuality "1"]
[WhiteTeam "Helsinki HSK"]
[BlackTeam "Turku TuTS"]
[WhiteTeamCountry "FIN"]
[BlackTeamCountry "FIN"]

1. d4 Nf6 2. c4 g6 3. Nc3 d5 4. Nf3 Bg7 5. Bg5 Ne4 6. cxd5 Nxg5 7. Nxg5 e6 8. Nf3 exd5 9. e3 0-0 10. Be2 a5 11. 0-0 Re8 12. Rc1 c6 13. a3 Nd7 14. Na4 Bf8 15. Nc5 Nxc5 16. dxc5 a4 17. Qd2 Qa5 18. Qb4 Qxb4 19. axb4 Bg7 20. Rc2 Re4 21. Rd1 Rxb4 22. Nd4 a3 23. bxa3 Rxa3 24. g3 Rba4 25. Kg2 Kf8 26. h3 h5 27. Rdd2 Bf6 28. h4 Ra5 29. Rd1 Ra2 30. Rdd2 Rxc2 31. Rxc2 Ra4 32. Rd2 Be7 33. Rc2 Ke8 34. Kf1 Bf6 35. Rd2 Ra1+ 36. Rd1 Rxd1+ 37. Bxd1 Be7 38. Nb3 Bf5 39. Ke1 Bd3 40. Kd2 Bc4 41. Na5 Ba6 42. Nb3 Kd7 43. Kc3 Kc7 44. Bc2 Bc4 45. Nd2 Bf6+ 46. Kb4 Be2 47. Nb3 b6 48. cxb6+ Kxb6 49. Nc1 c5+ 0-1

[Event "FIN-chT 1718"]
[Site "Finland"]
[Date "2017.09.17"]
[Round "2.4"]
[White "Koykka, Pekka"]
[Black "Van de Plassche, Erik"]
[Result "1-0"]
[WhiteElo "2352"]
[BlackElo "2199"]
[PlyCount "81"]
[EventDate "2017.09.16"]
[EventType "team-tourn"]
[EventRounds "11"]
[EventCountry "FIN"]
[SourceTitle "CBM 180 Extra"]
[Source "ChessBase"]
[SourceDate "2017.10.06"]
[SourceVersion "1"]
[SourceVersionDate "2017.10.06"]
[SourceQuality "1"]
[WhiteTeam "Tampere Tammer"]
[BlackTeam "Helsinki HSK"]
[WhiteTeamCountry "FIN"]
[BlackTeamCountry "FIN"]

1. d4 Nf6 2. c4 c5 3. d5 e6 4. Nc3 exd5 5. cxd5 d6 6. Nf3 g6 7. Nd2 Bg7 8. e4 0-0 9. Be2 Re8 10. 0-0 Na6 11. f3 Nc7 12. a4 b6 13. Nc4 Ba6 14. Bg5 Rb8 15. Qd2 Qd7 16. Kh1 Bxc4 17. Bxc4 a6 18. Bd3 Rb7 19. f4 b5 20. axb5 axb5 21. Rae1 b4 22. Nd1 c4 23. Bxf6 Bxf6 24. Bxc4 Bg7 25. Nf2 b3 26. e5 dxe5 27. Nd3 Rbb8 28. fxe5 Nb5 29. d6 Rf8 30. Bxb3 Nd4 31. Bc4 Qc6 32. Qc3 Qb6 33. Nc5 Qxb2 34. Qd3 Nc6 35. Rb1 Qd4 36. Qxd4 Nxd4 37. Bxf7+ Kh8 38. Rxb8 Rxb8 39. e6 Nf5 40. d7 Ne3 41. e7 1-0

[Event "FIN-chT 1718"]
[Site "Finland"]
[Date "2017.09.16"]
[Round "1.4"]
[White "Westerinen, Heikki MJ"]
[Black "Van de Plassche, Erik"]
[Result "1-0"]
[WhiteElo "2310"]
[BlackElo "2199"]
[PlyCount "53"]
[EventDate "2017.09.16"]
[EventType "team-tourn"]
[EventRounds "11"]
[EventCountry "FIN"]
[SourceTitle "EXT 2019"]
[Source "ChessBase"]
[SourceDate "2018.10.10"]
[SourceVersion "1"]
[SourceVersionDate "2018.10.10"]
[SourceQuality "1"]
[WhiteTeam "Salo SalSK"]
[BlackTeam "Helsinki HSK"]
[WhiteTeamCountry "FIN"]
[BlackTeamCountry "FIN"]

1. e4 d6 2. d4 Nf6 3. Nc3 g6 4. f4 Bg7 5. a3 0-0 6. Nf3 Na6 7. e5 Nd7 8. Be3 b6 9. Bc4 e6 10. Qe2 Nab8 11. 0-0-0 d5 12. Ba2 a5 13. g4 Ba6 14. Qg2 b5 15. f5 b4 16. Nb1 Nc6 17. f6 Bh8 18. h4 bxa3 19. Nxa3 Nb4 20. Bb1 c5 21. h5 cxd4 22. Bxd4 Qc7 23. hxg6 fxg6 24. Rxh7 Kxh7 25. Rh1+ Kg8 26. Qh3 Kf7 27. Qh7+ 1-0

[Event "FIN-chT1A 1617"]
[Site "Finland"]
[Date "2016.12.11"]
[Round "4.3"]
[White "Van de Plassche, Erik"]
[Black "Nokso Koivisto, Antti"]
[Result "1-0"]
[WhiteElo "2190"]
[BlackElo "2099"]
[PlyCount "53"]
[EventDate "2016.09.17"]
[EventType "team-tourn"]
[EventRounds "7"]
[EventCountry "FIN"]
[SourceTitle "EXT 2019"]
[Source "ChessBase"]
[SourceDate "2018.10.10"]
[SourceVersion "1"]
[SourceVersionDate "2018.10.10"]
[SourceQuality "1"]
[WhiteTeam "Helsinki HSK"]
[BlackTeam "Loimaa SK"]
[WhiteTeamCountry "FIN"]
[BlackTeamCountry "FIN"]

1. d4 d5 2. c4 e6 3. Nc3 Nf6 4. Bg5 Be7 5. e3 0-0 6. Nf3 h6 7. Bxf6 Bxf6 8. Rc1 b6 9. Bd3 Bb7 10. cxd5 exd5 11. 0-0 Nd7 12. b4 c6 13. Qb3 Re8 14. b5 Nf8 15. bxc6 Bxc6 16. a4 Qd7 17. Bb5 Bxb5 18. axb5 Red8 19. Ne1 Ne6 20. Nd3 Nc7 21. Rc2 g6 22. Ra1 Qf5 23. Nb4 Rd7 24. Rca2 Be7 25. Rxa7 Rc8 26. Nc6 Bd6 27. Na4 1-0

[Event "FIN-chT1A 1617"]
[Site "Finland"]
[Date "2016.10.08"]
[Round "3.2"]
[White "Van de Plassche, Erik"]
[Black "Morant, Paul"]
[Result "1-0"]
[WhiteElo "2190"]
[BlackElo "2061"]
[PlyCount "165"]
[EventDate "2016.09.17"]
[EventType "team-tourn"]
[EventRounds "7"]
[EventCountry "FIN"]
[SourceTitle "EXT 2019"]
[Source "ChessBase"]
[SourceDate "2018.10.10"]
[SourceVersion "1"]
[SourceVersionDate "2018.10.10"]
[SourceQuality "1"]
[WhiteTeam "Helsinki HSK"]
[BlackTeam "Turku TuTS II"]
[WhiteTeamCountry "FIN"]
[BlackTeamCountry "FIN"]

1. d4 Nf6 2. c4 e6 3. Nf3 b6 4. g3 Bb7 5. Bg2 Bb4+ 6. Bd2 Be7 7. 0-0 0-0 8. Nc3 c5 9. d5 exd5 10. Nh4 d6 11. cxd5 b5 12. Nxb5 Bxd5 13. Bxd5 Nxd5 14. Nf5 a6 15. Nc3 Nf6 16. Bf4 Ne8 17. Nd5 Bg5 18. Qd2 Bxf4 19. Qxf4 Nc6 20. Rfd1 Ra7 21. Rd2 Rd7 22. Rad1 Kh8 23. h4 Ne5 24. h5 g5 25. Qa4 g4 26. Qf4 Rg8 27. Nxd6 Rxd6 28. Qxe5+ f6 29. Qc3 Rg5 30. Nf4 Rxd2 31. Rxd2 Qe7 32. Qd3 a5 33. Qd7 Qe4 34. Qd3 Qe7 35. h6 Rg8 36. Qf5 Qf8 37. Rd7 Qxh6 38. Qxc5 Rg5 39. Qe7 Re5 40. Qd8 Qf8 41. Qc8 Rc5 42. Qa8 Re5 43. Qa7 Qg8 44. b3 Ng7 45. Qd4 Ne8 46. e3 Qg5 47. Nd3 Re6 48. Rd5 Qg6 49. Rxa5 Rd6 50. Rd5 Ra6 51. a4 Ra8 52. Rd7 Rc8 53. e4 Qg8 54. Qd5 Qf8 55. Qf7 Qxf7 56. Rxf7 Nd6 57. Rxf6 Nxe4 58. Rb6 Nd2 59. a5 Nf3+ 60. Kf1 Rc3 61. Ke2 Nd4+ 62. Kd2 Rc7 63. a6 Ra7 64. Rb8+ Kg7 65. Rb7+ Rxb7 66. axb7 Nc6 67. Kc3 Nb8 68. Kc4 Kf6 69. Kb5 Kf5 70. Nc5 Ke5 71. Na6 Nd7 72. b8Q+ Nxb8 73. Nxb8 Ke4 74. Nd7 Kf3 75. Ne5+ Kxf2 76. Nxg4+ Kxg3 77. Nf6 h6 78. Kc6 Kf4 79. b4 Kf5 80. Nh5 Kg5 81. Ng3 Kf4 82. b5 Kxg3 83. b6 1-0

[Event "FIN-chT1A 1617"]
[Site "Finland"]
[Date "2016.09.17"]
[Round "1.3"]
[White "Van de Plassche, Erik"]
[Black "Alho, Mikko"]
[Result "1/2-1/2"]
[WhiteElo "2190"]
[BlackElo "2045"]
[PlyCount "84"]
[EventDate "2016.09.17"]
[EventType "team-tourn"]
[EventRounds "7"]
[EventCountry "FIN"]
[SourceTitle "EXT 2019"]
[Source "ChessBase"]
[SourceDate "2018.10.10"]
[SourceVersion "1"]
[SourceVersionDate "2018.10.10"]
[SourceQuality "1"]
[WhiteTeam "Helsinki HSK"]
[BlackTeam "Vaasa VSS"]
[WhiteTeamCountry "FIN"]
[BlackTeamCountry "FIN"]

1. d4 Nf6 2. c4 g6 3. Nc3 Bg7 4. e4 d6 5. Be2 0-0 6. Nf3 e5 7. Be3 exd4 8. Nxd4 Re8 9. f3 c6 10. Qd2 d5 11. exd5 cxd5 12. Bf2 Nc6 13. Nxc6 bxc6 14. 0-0 d4 15. Bxd4 Ne4 16. Nxe4 Qxd4+ 17. Qxd4 Bxd4+ 18. Kh1 f5 19. Ng3 Rb8 20. Rfd1 c5 21. Rab1 Rxb2 22. Rxb2 Bxb2 23. Kg1 Bd4+ 24. Kf1 Re3 25. Rd3 Kf7 26. Rxe3 Bxe3 27. Bd3 Kf6 28. Ke2 Bg1 29. h3 Bh2 30. Nf1 Bf4 31. g3 Be5 32. f4 Bd4 33. h4 Bb7 34. Nd2 Ke6 35. Nf3 Kd6 36. h5 Bf6 37. Ng5 Bxg5 38. fxg5 Ke5 39. hxg6 hxg6 40. Ke3 Bg2 41. a3 Be4 42. Be2 Bc2 1/2-1/2

[Event "FIN-chT 1516"]
[Site "Finland"]
[Date "2016.02.06"]
[Round "7.2"]
[White "Sipila, Vilka"]
[Black "Van de Plassche, Erik"]
[Result "1-0"]
[WhiteElo "2426"]
[BlackElo "2219"]
[PlyCount "51"]
[EventDate "2015.09.12"]
[EventType "team-tourn"]
[EventRounds "11"]
[EventCountry "FIN"]
[SourceTitle "EXT 2017"]
[Source "ChessBase"]
[SourceDate "2016.10.25"]
[SourceVersion "1"]
[SourceVersionDate "2016.10.25"]
[SourceQuality "1"]
[WhiteTeam "Turku TuTS"]
[BlackTeam "Helsinki HSK"]
[WhiteTeamCountry "FIN"]
[BlackTeamCountry "FIN"]

1. e4 d6 2. d4 Nf6 3. Nc3 g6 4. Nf3 Bg7 5. Bc4 0-0 6. 0-0 Nxe4 7. Nxe4 d5 8. Bd3 dxe4 9. Bxe4 c5 10. dxc5 Qc7 11. c3 Nd7 12. b4 a5 13. Rb1 Bxc3 14. a3 axb4 15. axb4 Bg7 16. Bg5 Nf6 17. Bd3 Rd8 18. Qb3 Bg4 19. Bc4 Rf8 20. Rfe1 Bf5 21. Rbc1 Rad8 22. h3 h6 23. Bh4 e6 24. g4 Bxg4 25. Bg3 Qc6 26. Ne5 1-0

[Event "FIN-chT 1516"]
[Site "Finland"]
[Date "2015.09.12"]
[Round "1.3"]
[White "Van de Plassche, Erik"]
[Black "Koykka, Pekka"]
[Result "0-1"]
[WhiteElo "2219"]
[BlackElo "2314"]
[PlyCount "72"]
[EventDate "2015.09.12"]
[EventType "team-tourn"]
[EventRounds "11"]
[EventCountry "FIN"]
[SourceTitle "EXT 2016"]
[Source "ChessBase"]
[SourceDate "2015.10.08"]
[SourceVersion "1"]
[SourceVersionDate "2015.10.08"]
[SourceQuality "1"]
[WhiteTeam "Helsinki HSK"]
[BlackTeam "Tampere Tammer"]
[WhiteTeamCountry "FIN"]
[BlackTeamCountry "FIN"]

1. d4 f5 2. Bg5 h6 3. Bh4 g5 4. Bg3 Nf6 5. e3 d6 6. Bd3 e6 7. c4 Qe7 8. Qc2 Nc6 9. Nc3 Nh5 10. Nge2 Bd7 11. a3 Qf7 12. 0-0-0 0-0-0 13. f4 gxf4 14. exf4 Nxg3 15. hxg3 Bg7 16. d5 Ne7 17. Nb5 a6 18. dxe6 Qxe6 19. Nbc3 c5 20. Rhe1 Qf7 21. Ng1 Rhe8 22. Nf3 Qg6 23. Ne2 Bf6 24. Rh1 Kb8 25. Nh4 Qf7 26. Kb1 Bg7 27. Nc3 Rf8 28. Be2 Be6 29. Rhe1 Nc6 30. Nd5 Nd4 31. Rxd4 Bxd4 32. Bf3 Rde8 33. Rd1 Qg8 34. Qb3 Qg7 35. Bh5 Bxd5 36. Bxe8 Be4+ 0-1

[Event "FIN-chT 1415"]
[Site "Finland"]
[Date "2015.03.15"]
[Round "11.6"]
[White "Lehtivaara, Risto"]
[Black "Van de Plassche, Erik"]
[Result "0-1"]
[WhiteElo "2161"]
[BlackElo "2181"]
[PlyCount "100"]
[EventDate "2014.09.27"]
[EventType "team-tourn"]
[EventRounds "11"]
[EventCountry "FIN"]
[SourceTitle "EXT 2016"]
[Source "ChessBase"]
[SourceDate "2015.10.08"]
[SourceVersion "1"]
[SourceVersionDate "2015.10.08"]
[SourceQuality "1"]
[WhiteTeam "Espoo MatSK II"]
[BlackTeam "Helsinki HSK"]
[WhiteTeamCountry "FIN"]
[BlackTeamCountry "FIN"]

1. e4 d6 2. d4 Nf6 3. Nc3 g6 4. h3 Bg7 5. Be3 c6 6. g4 b5 7. a3 Bb7 8. Qd2 a6 9. Bg2 Nbd7 10. f4 e5 11. dxe5 dxe5 12. f5 c5 13. Nge2 gxf5 14. gxf5 Qa5 15. 0-0 0-0-0 16. Qe1 Bf8 17. Qf2 Rg8 18. Kh2 Qc7 19. Ng3 h5 20. Bf3 h4 21. Nh5 b4 22. Nd5 Bxd5 23. exd5 e4+ 24. Bf4 Bd6 25. Be2 Nxd5 26. Bxd6 Qxd6+ 27. Kh1 N7f6 28. Rad1 Nxh5 29. Bxh5 Rg3 30. Bg4 Qc6 31. f6+ Kb7 32. Qe2 Rd6 33. Qxe4 Ne3 34. Qxc6+ Kxc6 35. Bf3+ Kc7 36. Rxd6 Kxd6 37. Rf2 Rxh3+ 38. Kg1 Rg3+ 39. Kh2 bxa3 40. bxa3 Nxc2 41. Bh5 Ne3 42. Rf4 Nd5 43. Ra4 Nxf6 44. Rxa6+ Ke5 45. Rc6 Rc3 46. Bxf7 Ng4+ 47. Kg1 Kf4 48. Rd6 Kg3 49. Rd1 h3 50. Rf1 Rxa3 0-1

[Event "FIN-chT 1415"]
[Site "Finland"]
[Date "2015.02.07"]
[Round "7.7"]
[White "Motycakova, Monika"]
[Black "Van de Plassche, Erik"]
[Result "1/2-1/2"]
[WhiteElo "2115"]
[BlackElo "2181"]
[PlyCount "51"]
[EventDate "2014.09.27"]
[EventType "team-tourn"]
[EventRounds "11"]
[EventCountry "FIN"]
[SourceTitle "EXT 2016"]
[Source "ChessBase"]
[SourceDate "2015.10.08"]
[SourceVersion "1"]
[SourceVersionDate "2015.10.08"]
[SourceQuality "1"]
[WhiteTeam "Helsinki Aatos"]
[BlackTeam "Helsinki HSK"]
[WhiteTeamCountry "FIN"]
[BlackTeamCountry "FIN"]

1. e4 d6 2. d4 Nf6 3. Nc3 g6 4. Be3 c6 5. Qd2 Nbd7 6. f3 b5 7. h4 h5 8. 0-0-0 Qa5 9. Kb1 Rb8 10. Nh3 Nb6 11. e5 b4 12. Ne4 Nxe4 13. fxe4 Na4 14. Bc4 Nc3+ 15. Ka1 Nxe4 16. Qe1 d5 17. Bd3 Bxh3 18. Rxh3 e6 19. Bf4 Rb6 20. Bxe4 dxe4 21. Ra3 Qd5 22. Rxa7 Be7 23. Ra8+ Bd8 24. Bg5 0-0 25. Bh6 Re8 26. Qf1 1/2-1/2

[Event "FIN-chT1 West 1314"]
[Site "Finland"]
[Date "2014.02.08"]
[Round "6.6"]
[White "Van de Plassche, Erik"]
[Black "Mannisto, Eero"]
[Result "1/2-1/2"]
[WhiteElo "2157"]
[BlackElo "2063"]
[PlyCount "81"]
[EventDate "2013.09.21"]
[EventType "team-tourn"]
[EventRounds "9"]
[EventCountry "FIN"]
[SourceTitle "EXT 2022"]
[Source "ChessBase"]
[SourceDate "2021.10.06"]
[SourceVersion "1"]
[SourceVersionDate "2021.10.06"]
[SourceQuality "1"]
[WhiteTeam "Helsinki HSK"]
[BlackTeam "Vantaa EtVaS II"]
[WhiteTeamCountry "FIN"]
[BlackTeamCountry "FIN"]

1. d4 Nf6 2. c4 e6 3. Nf3 d5 4. Nc3 Bb4 5. Bg5 dxc4 6. e4 h6 7. Bxf6 Qxf6 8. Bxc4 c5 9. e5 Qd8 10. 0-0 Bxc3 11. bxc3 cxd4 12. cxd4 0-0 13. Qe2 Bd7 14. Rfd1 Bc6 15. Rac1 Qe7 16. Bd3 Bd5 17. Bb1 Nc6 18. Qd3 g6 19. Qe3 Bxf3 20. Qxf3 Rad8 21. Qe3 Kg7 22. Be4 Rc8 23. f4 Rfd8 24. a3 Qd7 25. d5 exd5 26. Rxd5 Qe7 27. Rxd8 Rxd8 28. Bxc6 bxc6 29. h3 Rc8 30. Rc5 h5 31. Qc3 Qe6 32. Qc4 Qd7 33. Kh2 Qd2 34. Qe4 Qd7 35. a4 Rc7 36. a5 Qd2 37. a6 Qf2 38. Rc2 Qf1 39. Qc4 Qxc4 40. Rxc4 c5 41. Kg3 1/2-1/2

[Event "FIN-chT1 East 1314"]
[Site "Finland"]
[Date "2013.11.03"]
[Round "4.1"]
[White "Tiitta, Sauli"]
[Black "Van de Plassche, Erik"]
[Result "1-0"]
[WhiteElo "2215"]
[BlackElo "2157"]
[PlyCount "55"]
[EventDate "2013.09.21"]
[EventType "team-tourn"]
[EventRounds "9"]
[EventCountry "FIN"]
[SourceTitle "EXT 2022"]
[Source "ChessBase"]
[SourceDate "2021.10.06"]
[SourceVersion "1"]
[SourceVersionDate "2021.10.06"]
[SourceQuality "1"]
[WhiteTeam "Espoo MatSK II"]
[BlackTeam "Helsinki HSK II"]
[WhiteTeamCountry "FIN"]
[BlackTeamCountry "FIN"]

1. g4 d5 2. c4 d4 3. h3 e5 4. d3 c5 5. Bg2 Ne7 6. Nd2 Nec6 7. Ne4 Be7 8. Nf3 f5 9. gxf5 Bxf5 10. Ng3 Be6 11. Qb3 Qb6 12. Nxe5 Qc7 13. Nxc6 Nxc6 14. Bd5 Bd7 15. Bd2 0-0-0 16. 0-0-0 Rhf8 17. Ne4 Bf5 18. f3 h6 19. h4 Bxe4 20. dxe4 Bd6 21. Rhg1 Be5 22. Rg6 Rd6 23. Rdg1 Rxg6 24. Rxg6 Bf6 25. f4 Ne7 26. Rg2 Nxd5 27. exd5 Bxh4 28. Qh3+ 1-0

[Event "FIN-chT1 East 1314"]
[Site "Finland"]
[Date "2013.11.02"]
[Round "3.1"]
[White "Yrjola, Jouni"]
[Black "Van de Plassche, Erik"]
[Result "1-0"]
[WhiteElo "2364"]
[BlackElo "2157"]
[PlyCount "61"]
[EventDate "2013.09.21"]
[EventType "team-tourn"]
[EventRounds "9"]
[EventCountry "FIN"]
[SourceTitle "EXT 2022"]
[Source "ChessBase"]
[SourceDate "2021.10.06"]
[SourceVersion "1"]
[SourceVersionDate "2021.10.06"]
[SourceQuality "1"]
[WhiteTeam "Helsinki KS 58"]
[BlackTeam "Helsinki HSK II"]
[WhiteTeamCountry "FIN"]
[BlackTeamCountry "FIN"]

1. d4 Nf6 2. c4 c5 3. d5 e6 4. Nc3 exd5 5. cxd5 d6 6. e4 g6 7. f4 Bg7 8. Bb5+ Nfd7 9. a4 0-0 10. Nf3 Na6 11. 0-0 Nb4 12. Re1 a6 13. Bf1 Re8 14. Bd2 b6 15. h3 Nf6 16. Bc4 Bb7 17. Qb3 Ra7 18. Re2 Ba8 19. e5 dxe5 20. fxe5 Nfxd5 21. Bg5 Nxc3 22. bxc3 Qd7 23. e6 fxe6 24. Rxe6 Kh8 25. Rxe8+ Qxe8 26. Re1 Qf8 27. cxb4 Bxf3 28. Qxf3 Qxf3 29. gxf3 Bd4+ 30. Kg2 cxb4 31. Re8+ 1-0

[Event "Helsinki We HSK 2nd Group A"]
[Site "Helsinki"]
[Date "2013.??.??"]
[Round "1"]
[White "Van de Plassche, Erik"]
[Black "Kumpulainen, Jari"]
[Result "1-0"]
[WhiteElo "2147"]
[BlackElo "1972"]
[PlyCount "75"]
[EventDate "2013.??.??"]
[EventType "swiss"]
[EventRounds "5"]
[EventCountry "FIN"]
[SourceTitle "EXT 2022"]
[Source "ChessBase"]
[SourceDate "2021.10.06"]
[SourceVersion "1"]
[SourceVersionDate "2021.10.06"]
[SourceQuality "1"]

1. d4 Nf6 2. c4 g6 3. Nc3 Bg7 4. e4 d6 5. Be2 0-0 6. g4 e5 7. d5 Na6 8. g5 Ne8 9. h4 f5 10. gxf6 Qxf6 11. Rh2 h6 12. Be3 Qf7 13. Qd2 Kh7 14. 0-0-0 Nc5 15. b4 Nd7 16. Nh3 Ndf6 17. Rg1 b5 18. Ng5+ hxg5 19. hxg5+ Nh5 20. Bxh5 Kg8 21. Be2 a5 22. Nxb5 axb4 23. Kb1 c5 24. dxc6 Be6 25. Qxb4 Nc7 26. a3 Nxb5 27. cxb5 d5 28. exd5 Qf5+ 29. Kc1 Bxd5 30. Rd1 Be6 31. Rh4 Rfc8 32. Bg4 Qf7 33. Bxe6 Qxe6 34. Qc4 Qxc4+ 35. Rxc4 Rxa3 36. Kc2 e4 37. Bd4 Bf8 38. Rb1 1-0

[Event "FIN-chT1 West 1213"]
[Site "Finland"]
[Date "2012.09.29"]
[Round "1.6"]
[White "Byggmastar, Lars"]
[Black "Van de Plassche, Erik"]
[Result "1-0"]
[WhiteElo "2173"]
[BlackElo "2169"]
[PlyCount "91"]
[EventDate "2012.09.29"]
[EventType "team-tourn"]
[EventRounds "7"]
[EventCountry "FIN"]
[SourceTitle "EXT 2019"]
[Source "ChessBase"]
[SourceDate "2018.10.10"]
[SourceVersion "1"]
[SourceVersionDate "2018.10.10"]
[SourceQuality "1"]
[WhiteTeam "Turku TuTS"]
[BlackTeam "Helsinki HSK II"]
[WhiteTeamCountry "FIN"]
[BlackTeamCountry "FIN"]

1. d4 d5 2. Nf3 Nf6 3. c4 dxc4 4. e3 Bg4 5. Bxc4 e6 6. 0-0 Nbd7 7. Nc3 Bd6 8. e4 e5 9. Be2 0-0 10. Bg5 Re8 11. Re1 c6 12. h3 Bxf3 13. Bxf3 Qa5 14. Be3 Rad8 15. a3 exd4 16. Bxd4 Be5 17. b4 Qc7 18. Be2 Nf8 19. Bxe5 Qxe5 20. Qb3 Ne6 21. Bf1 Nd4 22. Qb2 Qg5 23. Re3 Nd7 24. g3 Qf6 25. f4 Qe6 26. Rae1 Nb6 27. Qc1 Nc4 28. f5 Nxf5 29. Bxc4 Qxc4 30. exf5 Qd4 31. Qd2 Qb6 32. Qf2 Rf8 33. f6 g6 34. Re7 Qa6 35. Qf4 Qd3 36. R1e3 Qc2 37. Qh6 Qc1+ 38. Kf2 Rd2+ 39. Ne2 Rxe2+ 40. Kxe2 Qb2+ 41. Kf3 Qxf6+ 42. Qf4 Qa1 43. Kg2 Qb2+ 44. Qf2 Qd4 45. Rxf7 Qd5+ 46. Rff3 1-0